Представление документа в формате MARC21

Поле Инд. ПП Название Значение
Тип записи a
Библиографический уровень m
001 Контрольный номер RU/IS/BASE/264550648
005 Дата корректировки 20250811140749.4
008 Кодируемые данные 19980604
020 00 a ISBN 5-7035-1931-4
040 00 e Правила каталог. Г.Я. 980604
084 a Индекс другой классификации/Индекс ББК 75.581я7
090 00 a Полочн. индекс 75.581я7
x Авторский знак Т 164
097 00 a 230
100 10 a Автор Таль М. Н.
q Полное имя Таль Михаил Нехемьевич
245 00 a Заглавие Атака
b Продолж. заглавия пособие для шахматистов
260 00 a Место издания Москва
b Издательство Издательство МАИ
c Дата издания 1997
300 00 a Объем 192 с.
336 a Термин вида содержания Текст
337 a Термин типа средства непосредственный
440 00 a Серия НК-серия
650 04 a Основная рубрика спортивные игры
a Основная рубрика физическая культура
653 00 a Ключевые слова культура
a Ключевые слова правила игры
a Ключевые слова спорт
a Ключевые слова теория шахмат
a Ключевые слова шахматы
655 00 a Жанр/ форма (устаревшее) учебное пособие
700 10 a Автор Дамский Я. В.
q Полное имя Дамский Яков Владимирович
901 t Тип документа m
952 a Тип литературы для КСУ ВШ УИ